[Event "2BLW 1920 SC Hansa Dortmund - SV Koblen"]
[Site "?"]
[Date "2020.02.16"]
[Round "6.3"]
[White "Hammes, Michael"]
[Black "Scholz, Christian"]
[Result "1-0"]
[WhiteElo "2341"]
[BlackElo "2373"]
[PlyCount "61"]
[EventDate "2020.??.??"]

1. d4 Nf6 2. c4 g6 3. Nc3 Bg7 4. e4 d6 5. Nf3 O-O 6. h3 e5 7. d5 Nh5 8. g3 f5
9. exf5 gxf5 10. Nh4 Nf4 11. gxf4 Qxh4 12. Rg1 Re8 13. Be2 Kh8 14. fxe5 Bxe5
15. Bg5 Qxh3 16. Qd2 Na6 17. O-O-O Rg8 18. Rh1 Qg2 19. f4 Rxg5 20. fxg5 Bd7 21.
Rdg1 Qf2 22. Rf1 Qd4 23. g6 Qxd2+ 24. Kxd2 Bg7 25. Bd3 Rf8 26. Rxh7+ Kg8 27.
Re1 Bc8 28. Re7 Bf6 29. Ref7 Bg5+ 30. Kd1 Rxf7 31. gxf7+ 1-0

[Event "2BLW 1920 SC Hansa Dortmund - SV Koblen"]
[Site "?"]
[Date "2020.02.16"]
[Round "6.4"]
[White "Kalka, Arkadius Georg"]
[Black "Doncevic, Dario"]
[Result "1-0"]
[WhiteElo "2336"]
[BlackElo "2228"]
[PlyCount "135"]
[EventDate "2020.??.??"]

1. d4 Nf6 2. Bf4 d6 3. e3 g6 4. h3 Bg7 5. Nf3 O-O 6. c4 Nfd7 7. Nc3 e5 8. Bh2
Nc6 9. Be2 exd4 10. exd4 Re8 11. O-O Nb6 12. a4 Bf5 13. a5 Nd7 14. a6 bxa6 15.
c5 dxc5 16. Nd5 Nxd4 17. Nxd4 Bxd4 18. Nxc7 Ne5 19. Nxe8 Qxe8 20. Bxe5 Qxe5 21.
Bc4 Rb8 22. Qf3 Rxb2 23. Rfe1 Qd6 24. Qa8+ Kg7 25. Qxa7 Qd7 26. Re7 Qxa7 27.
Rxa7 g5 28. Rxf7+ Kg6 29. Ra7 Rc2 30. R7xa6+ Kg7 31. Ra7+ Kf6 32. Rf7+ Kg6 33.
Rxf5 Rxc4 34. g4 Rc2 35. Re1 Ra2 36. Re6+ Kg7 37. Re7+ Kg6 38. Re6+ Kg7 39. Kf1
h6 40. Re7+ Kg8 41. Re6 Kg7 42. Rc6 Rb2 43. Ke1 Ra2 44. f3 Rf2 45. Rc7+ Kg8 46.
Rc6 Kg7 47. Rd5 Rxf3 48. Rd7+ Rf7 49. Rxf7+ Kxf7 50. Ke2 Kg7 51. Kf3 Kf7 52.
Ke4 Kg7 53. Kf5 Kf7 54. Ke4 Kg7 55. Kf5 Be3 56. Rc7+ Kf8 57. Rc6 Kg7 58. Rg6+
Kh7 59. Re6 Bd4 60. Re7+ Kg8 61. Kg6 Kf8 62. Re4 Bc3 63. Rc4 Bd4 64. Kxh6 Kf7
65. Kxg5 Ke6 66. Rxd4 cxd4 67. Kf4 Kd5 68. Kf3 1-0

[Event "2BLW 1920 SC Hansa Dortmund - SV Koblen"]
[Site "?"]
[Date "2020.02.16"]
[Round "6.5"]
[White "Stewart, Neil"]
[Black "Ackermann, Hans Werner"]
[Result "1-0"]
[WhiteElo "2225"]
[BlackElo "2253"]
[PlyCount "83"]
[EventDate "2020.??.??"]

1. d4 d6 2. e4 g6 3. c4 Bg7 4. Nc3 Nc6 5. Be3 Nf6 6. Be2 e5 7. d5 Ne7 8. g4 h5
9. g5 Nd7 10. Nf3 a5 11. a3 O-O 12. Rg1 Nc5 13. b4 axb4 14. axb4 Rxa1 15. Qxa1
Na6 16. Qa3 Bg4 17. Nd2 Bxe2 18. Kxe2 Qd7 19. c5 Nb8 20. Qa7 Qc8 21. b5 dxc5
22. Bxc5 Re8 23. Rc1 Bf8 24. Be3 Nd7 25. Na4 Nf5 26. exf5 gxf5 27. b6 f4 28.
Rxc7 Qd8 29. Ne4 fxe3 30. Rxd7 Qc8 31. Nac3 Qc4+ 32. Kxe3 Bb4 33. Rc7 Qd4+ 34.
Ke2 Bxc3 35. Nxc3 Qg4+ 36. Kf1 e4 37. Qa4 Re5 38. Qd7 Rf5 39. Qe8+ Kg7 40. Qxe4
Qh3+ 41. Ke2 Kg6 42. Nd1 1-0

[Event "2BLW 1920 SC Hansa Dortmund - SV Koblen"]
[Site "?"]
[Date "2020.02.16"]
[Round "6.6"]
[White "Kotter, Ralf"]
[Black "Steinacker, Alex"]
[Result "1-0"]
[WhiteElo "2346"]
[BlackElo "2291"]
[PlyCount "47"]
[EventDate "2020.??.??"]

1. e4 g6 2. d4 Bg7 3. Nc3 c6 4. h4 d5 5. e5 f6 6. Bf4 fxe5 7. Bxe5 Bxe5 8. dxe5
Nh6 9. Qd2 Ng4 10. h5 Rf8 11. hxg6 hxg6 12. Nf3 Bf5 13. Bd3 Nd7 14. Bxf5 Rxf5
15. Rh8+ Nf8 16. O-O-O Qb6 17. Nd4 Rf7 18. f4 O-O-O 19. Rh4 c5 20. Na4 Qc7 21.
Nb5 Qd7 22. Qa5 b6 23. Nxb6+ axb6 24. Qa8# 1-0

[Event "2BLW 1920 SC Hansa Dortmund - SV Koblen"]
[Site "?"]
[Date "2020.02.16"]
[Round "6.7"]
[White "Bohn, Thomas"]
[Black "Christensen, Niels"]
[Result "0-1"]
[WhiteElo "2324"]
[BlackElo "2295"]
[PlyCount "74"]
[EventDate "2020.??.??"]

1. f4 Nf6 2. Nf3 d5 3. e3 g6 4. Be2 Bg7 5. O-O O-O 6. d3 c5 7. Qe1 b6 8. a4 Nc6
9. Na3 Re8 10. Qg3 Bb7 11. c3 e5 12. fxe5 Nxe5 13. Nxe5 Rxe5 14. e4 Nh5 15. Qf2
Qe7 16. g4 dxe4 17. gxh5 e3 18. Qxf7+ Qxf7 19. Rxf7 Kxf7 20. Nc4 Rg5+ 21. Kf1
Ba6 22. Nd6+ Ke7 23. Bxe3 Rd5 24. Nb5 Rf8+ 25. Ke1 gxh5 26. Kd2 Be5 27. Rg1
Bxh2 28. Rg2 Bb8 29. Rg7+ Rf7 30. Rg8 Rf8 31. Rg7+ Rf7 32. Rg8 Bxb5 33. Rxb8
Bxa4 34. c4 Re5 35. d4 cxd4 36. Bxd4 Re4 37. Rh8 Rh4 0-1

[Event "2BLW 1920 SC Hansa Dortmund - SV Koblen"]
[Site "?"]
[Date "2020.02.16"]
[Round "6.8"]
[White "Burchert, Wolfgang"]
[Black "Bohn, Ulrich"]
[Result "0-1"]
[WhiteElo "2082"]
[BlackElo "2177"]
[PlyCount "82"]
[EventDate "2020.??.??"]

1. e4 g6 2. d4 Bg7 3. Nf3 d6 4. Bc4 Nf6 5. Qe2 O-O 6. O-O Bg4 7. h3 Bxf3 8.
Qxf3 Nc6 9. Be3 e5 10. c3 Qe7 11. d5 Nb8 12. Bd3 Nbd7 13. c4 c5 14. Nc3 Kh8 15.
a3 Ng8 16. g4 Bh6 17. b4 Bxe3 18. Qxe3 Kg7 19. Na4 b6 20. bxc5 Nxc5 21. Nxc5
bxc5 22. Rfb1 Rab8 23. Bc2 Qd7 24. Qd2 Nf6 25. f3 g5 26. Qa5 h5 27. Ba4 Qc8 28.
Bd1 hxg4 29. hxg4 Rh8 30. Qxa7 Ra8 31. Qe7 Qg8 32. Rb7 Rf8 33. Kf2 Qh7 34. Be2
Qh2+ 35. Ke3 Qf4+ 36. Kd3 Nxe4 37. Rb2 Rh3 38. Rf1 Ng3 39. Rf2 Qd4+ 40. Kc2
Qxf2 41. Qxg5+ Kh7 0-1

[Event "2BLW 1920 SG Porz - SC Remagen Sinzig"]
[Site "?"]
[Date "2020.03.01"]
[Round "7.1"]
[White "Dgebuadze, Alexandre"]
[Black "Rotstein, Arkadij"]
[Result "1-0"]
[WhiteElo "2477"]
[BlackElo "2456"]
[PlyCount "59"]
[EventDate "2020.??.??"]

1. c4 e5 2. Nc3 d6 3. g3 g6 4. d4 Nc6 5. d5 Nce7 6. Nf3 Bh6 7. Bxh6 Nxh6 8. h4
Bg4 9. Qd2 Bxf3 10. exf3 Nhf5 11. h5 Nd4 12. O-O-O c6 13. hxg6 fxg6 14. f4 O-O
15. fxe5 dxe5 16. f4 Nef5 17. Bg2 exf4 18. gxf4 c5 19. Ne4 Qc7 20. d6 Nxd6 21.
Ng5 h5 22. Bd5+ Kh8 23. Rxh5+ gxh5 24. Qh2 Kg7 25. Qxh5 Rh8 26. Ne6+ Nxe6 27.
Rg1+ Kf6 28. Qe5+ Ke7 29. Rg7+ Kd8 30. Qf6+ 1-0

[Event "2BLW 1920 SG Porz - SC Remagen Sinzig"]
[Site "?"]
[Date "2020.03.01"]
[Round "7.3"]
[White "Popovic, Petar"]
[Black "Suvorov, Alexander"]
[Result "1-0"]
[WhiteElo "2427"]
[BlackElo "2320"]
[PlyCount "95"]
[EventDate "2020.??.??"]

1. e4 c5 2. Nf3 e6 3. d4 cxd4 4. Nxd4 Nc6 5. Nc3 Qc7 6. g3 a6 7. Bg2 Nf6 8. O-O
Be7 9. Re1 d6 10. Nxc6 bxc6 11. e5 dxe5 12. Rxe5 Nd7 13. Re1 O-O 14. Qe2 Bb7
15. Bf4 Qc8 16. Rad1 c5 17. Ne4 Re8 18. Bd6 Bxe4 19. Qxe4 Ra7 20. Bf4 Nb6 21.
c4 Rd7 22. Rxd7 Qxd7 23. b3 a5 24. Bf3 a4 25. Rd1 Qc8 26. Qc6 Qxc6 27. Bxc6 Rc8
28. Bb7 Rf8 29. Bc7 axb3 30. axb3 Nc8 31. Rd7 Bf6 32. Kg2 Re8 33. Ba5 Bb2 34.
Bd8 Bf6 35. Bxf6 gxf6 36. Ba6 Nb6 37. Rc7 Ra8 38. Rxc5 Rxa6 39. Rc6 Kf8 40. c5
Ke7 41. Rxb6 Rxb6 42. cxb6 Kd6 43. Kh3 Kc6 44. Kg4 Kxb6 45. Kh5 Kc5 46. Kh6 e5
47. Kxh7 e4 48. Kg7 1-0

[Event "2BLW 1920 SG Porz - SC Remagen Sinzig"]
[Site "?"]
[Date "2020.03.01"]
[Round "7.4"]
[White "Braun, Christian"]
[Black "Mainka, Romuald"]
[Result "1-0"]
[WhiteElo "2407"]
[BlackElo "2389"]
[PlyCount "79"]
[EventDate "2020.??.??"]

1. e4 c5 2. Nf3 e6 3. d3 Nc6 4. g3 d5 5. Nbd2 Bd6 6. Bg2 Nge7 7. O-O O-O 8. Re1
Bc7 9. b3 b6 10. Bb2 d4 11. Nh4 e5 12. Rf1 Ng6 13. Nf5 Nce7 14. h4 Nxf5 15.
exf5 Bxf5 16. h5 Ne7 17. h6 g6 18. Qf3 f6 19. Qxa8 Qxa8 20. Bxa8 Rxa8 21. Ne4
Kf7 22. Bc1 Nd5 23. Bd2 Bh3 24. Rfe1 Bd7 25. a3 a5 26. b4 cxb4 27. axb4 a4 28.
Rec1 Ra7 29. Rab1 Bb8 30. b5 Be6 31. Ra1 Ke7 32. c4 dxc3 33. Nxc3 a3 34. Nxd5+
Bxd5 35. Rxa3 Rxa3 36. Bb4+ Bd6 37. Bxa3 Bxa3 38. Rc7+ Ke6 39. Rxh7 Bc1 40. Rh8
1-0

[Event "2BLW 1920 SG Porz - SC Remagen Sinzig"]
[Site "?"]
[Date "2020.03.01"]
[Round "7.5"]
[White "Geirnaert, Steven"]
[Black "Korotkjevich, Stanislav"]
[Result "1-0"]
[WhiteElo "2419"]
[BlackElo "2371"]
[PlyCount "85"]
[EventDate "2020.??.??"]

1. d4 d6 2. e4 g6 3. c4 Bg7 4. Nc3 Nd7 5. f4 e5 6. fxe5 dxe5 7. d5 Nh6 8. Nf3
O-O 9. Be3 Ng4 10. Bg1 f5 11. h3 Nh6 12. Nd2 fxe4 13. Ndxe4 Nf6 14. g4 Nxe4 15.
Nxe4 Rf4 16. Qc2 Nf5 17. O-O-O Nd4 18. Qg2 c6 19. Be3 cxd5 20. Bxf4 exf4 21.
Nc3 f3 22. Qf2 Qb6 23. Kb1 Be6 24. Nxd5 Bxd5 25. cxd5 Qf6 26. Rc1 Re8 27. Bd3
Ne2 28. Rc2 Nd4 29. Rc3 b5 30. Re1 Rf8 31. Re4 h6 32. Rc7 Rf7 33. Rxf7 Kxf7 34.
Qd2 Qd6 35. Qf4+ Qxf4 36. Rxf4+ Bf6 37. d6 g5 38. Re4 a6 39. d7 Ne6 40. Re3 Nd4
41. a4 f2 42. axb5 axb5 43. Re8 1-0

[Event "2BLW 1920 SG Porz - SC Remagen Sinzig"]
[Site "?"]
[Date "2020.03.01"]
[Round "7.6"]
[White "Malykin, Vitaly"]
[Black "Alienkin, Aleksander"]
[Result "1/2-1/2"]
[WhiteElo "2344"]
[BlackElo "2358"]
[PlyCount "36"]
[EventDate "2020.??.??"]

1. Nf3 Nf6 2. c4 c5 3. Nc3 e6 4. e3 Nc6 5. d4 d5 6. a3 a6 7. b3 cxd4 8. exd4 g6
9. Be2 Bg7 10. O-O O-O 11. Be3 b6 12. Rc1 Bb7 13. Na4 Ne4 14. c5 bxc5 15. Nxc5
Nxc5 16. Rxc5 Qb6 17. b4 Rfc8 18. Qd2 Bf8 1/2-1/2

[Event "2BLW 1920 SG Porz - SC Remagen Sinzig"]
[Site "?"]
[Date "2020.03.01"]
[Round "7.7"]
[White "Huhndorf, Arnold"]
[Black "Buscher, Michael"]
[Result "1-0"]
[WhiteElo "2208"]
[BlackElo "2351"]
[PlyCount "97"]
[EventDate "2020.??.??"]

1. d4 Nf6 2. c4 e6 3. g3 d5 4. Bg2 c5 5. cxd5 Nxd5 6. Nf3 cxd4 7. O-O Be7 8.
Nxd4 O-O 9. Nc3 Nxc3 10. bxc3 Qa5 11. Be3 e5 12. Nb3 Qc7 13. a4 Na6 14. Qd5
Qxc3 15. Rfc1 Qb4 16. Qb5 Qd6 17. Na5 Nc7 18. Qb2 Ne6 19. Nxb7 Qb8 20. Rab1 Bd7
21. Qa1 Qe8 22. Na5 Rb8 23. Nc6 Rxb1 24. Qxb1 a5 25. Qb5 Ba3 26. Rd1 Bb4 27.
Ne7+ Qxe7 28. Rxd7 Qf6 29. Bd5 h6 30. Qc6 Re8 31. Rb7 Qd8 32. Bb6 Qc8 33. Qxc8
Rxc8 34. Ra7 Rc1+ 35. Kg2 Ra1 36. Bc6 Nd4 37. Be8 Nxe2 38. Bxf7+ Kf8 39. Bc4
Nc3 40. Rf7+ Kg8 41. Rf5+ Kh7 42. Rxe5 Rxa4 43. Bd3+ Kg8 44. Bg6 Bf8 45. Bxa5
Ra3 46. h4 Na2 47. Bd2 Ra8 48. Rb5 Rd8 49. Rb2 1-0

[Event "2BLW 1920 SG Porz - SC Remagen Sinzig"]
[Site "?"]
[Date "2020.03.01"]
[Round "7.8"]
[White "Pauly, Carlo"]
[Black "Den Boer, Lennard"]
[Result "1-0"]
[WhiteElo "2271"]
[BlackElo "2121"]
[PlyCount "49"]
[EventDate "2020.??.??"]

1. d4 e6 2. c4 d5 3. Nc3 c6 4. e3 Nf6 5. Nf3 Bd6 6. Qc2 Nbd7 7. Bd3 Qc7 8. O-O
dxc4 9. Bxc4 b5 10. Bb3 a6 11. e4 e5 12. Ng5 O-O 13. dxe5 Nxe5 14. f4 Ng6 15.
e5 Bc5+ 16. Kh1 Ng4 17. e6 Nh6 18. Nxf7 Nxf7 19. exf7+ Kh8 20. f5 Ne7 21. f6
Ng6 22. fxg7+ Kxg7 23. Bg5 Be7 24. Nd5 Qe5 25. Bxe7 1-0

[Event "2BLW 1920 Düsseldorfer SK - SG Solingen"]
[Site "?"]
[Date "2020.03.01"]
[Round "7.1"]
[White "Jussupow, Artur"]
[Black "Berelowitsch, Alexander"]
[Result "1/2-1/2"]
[WhiteElo "2560"]
[BlackElo "2512"]
[PlyCount "34"]
[EventDate "2020.??.??"]

1. d4 d5 2. Nf3 c5 3. e3 Nf6 4. dxc5 e6 5. c4 Bxc5 6. a3 O-O 7. Nc3 Nc6 8. cxd5
exd5 9. Be2 a6 10. O-O Bf5 11. b4 d4 12. exd4 Bxd4 13. Bb2 Ba7 14. Qxd8 Rfxd8
15. h3 Nd4 16. Nxd4 Bxd4 17. Bf3 Rd7 1/2-1/2

[Event "2BLW 1920 Düsseldorfer SK - SG Solingen"]
[Site "?"]
[Date "2020.03.01"]
[Round "7.2"]
[White "Orlov, Andrey"]
[Black "Halvax, Georg"]
[Result "1/2-1/2"]
[WhiteElo "2511"]
[BlackElo "2415"]
[PlyCount "34"]
[EventDate "2020.??.??"]

1. e4 c5 2. Nf3 Nc6 3. Bb5 g6 4. O-O Bg7 5. Re1 Nf6 6. e5 Nd5 7. Nc3 Nc7 8.
Bxc6 dxc6 9. Ne4 b6 10. d3 O-O 11. h3 Ne6 12. Neg5 h6 13. Nxe6 Bxe6 14. b3 Qd7
15. Bb2 Rfd8 16. Qe2 Bd5 17. Nd2 Qf5 1/2-1/2

[Event "2BLW 1920 Düsseldorfer SK - SG Solingen"]
[Site "?"]
[Date "2020.03.01"]
[Round "7.3"]
[White "Wegerle, Joerg"]
[Black "Miedema, David"]
[Result "1/2-1/2"]
[WhiteElo "2407"]
[BlackElo "2379"]
[PlyCount "26"]
[EventDate "2020.??.??"]

1. d4 e6 2. Nf3 d5 3. Bf4 c5 4. c3 Bd6 5. Bg3 Ne7 6. e3 O-O 7. Nbd2 b6 8. Bd3
Ba6 9. Bxa6 Nxa6 10. O-O Nb8 11. e4 Bxg3 12. hxg3 cxd4 13. Nxd4 Nbc6 1/2-1/2

[Event "2BLW 1920 Düsseldorfer SK - SG Solingen"]
[Site "?"]
[Date "2020.03.01"]
[Round "7.4"]
[White "Stark, Lars"]
[Black "Schlecht, Daniel"]
[Result "1/2-1/2"]
[WhiteElo "2381"]
[BlackElo "2377"]
[PlyCount "22"]
[EventDate "2020.??.??"]

1. c4 c6 2. Nf3 d5 3. g3 Bg4 4. Bg2 e6 5. O-O Nf6 6. Qb3 Qb6 7. Qc2 Nbd7 8. d3
dxc4 9. Qxc4 Bxf3 10. Bxf3 Ne5 11. Qf4 Nxf3+ 1/2-1/2

[Event "2BLW 1920 Düsseldorfer SK - SG Solingen"]
[Site "?"]
[Date "2020.03.01"]
[Round "7.5"]
[White "Schaefer, Markus"]
[Black "Kohlweyer, Bernd"]
[Result "1/2-1/2"]
[WhiteElo "2376"]
[BlackElo "2325"]
[PlyCount "97"]
[EventDate "2020.??.??"]

1. e4 d6 2. d4 Nf6 3. Nc3 e5 4. Nge2 Be7 5. g3 c6 6. Bg2 b5 7. a3 a5 8. b3 Nbd7
9. Bb2 Ba6 10. Qd2 O-O 11. O-O Qc7 12. Nd1 Rfe8 13. Ne3 Bf8 14. f3 b4 15. axb4
axb4 16. Rfe1 Qb6 17. Kh1 g6 18. Nc1 Rad8 19. c4 bxc3 20. Bxc3 Rb8 21. Nc4 Bxc4
22. bxc4 Bg7 23. d5 Nc5 24. Qe2 Ra8 25. Nd3 Rxa1 26. Bxa1 Nxd3 27. Qxd3 Ra8 28.
Qb1 Qc7 29. dxc6 Qxc6 30. Qb5 Qc7 31. Rb1 Bh6 32. Bc3 Be3 33. Qb3 Nd7 34. Rd1
Bc5 35. Qc2 Ra3 36. Bb2 Ra2 37. Ra1 Qa5 38. Qb1 Rxa1 39. Qxa1 Qxa1+ 40. Bxa1
Bd4 41. Bxd4 exd4 42. Kg1 Ne5 43. Kf2 Nxc4 44. Ke2 Ne5 45. f4 Ng4 46. h3 Nf6
47. Bf3 h5 48. Kd3 Kf8 49. Kxd4 1/2-1/2

[Event "2BLW 1920 Düsseldorfer SK - SG Solingen"]
[Site "?"]
[Date "2020.03.01"]
[Round "7.6"]
[White "Schuh, Dirk"]
[Black "Hobusch, Jan"]
[Result "1/2-1/2"]
[WhiteElo "2351"]
[BlackElo "2241"]
[PlyCount "141"]
[EventDate "2020.??.??"]

1. e4 c6 2. Nc3 d5 3. Nf3 Bg4 4. h3 Bxf3 5. Qxf3 e6 6. Be2 Nf6 7. O-O Bd6 8. d4
dxe4 9. Nxe4 Nxe4 10. Qxe4 Nd7 11. Rd1 Nf6 12. Qf3 O-O 13. a4 Qa5 14. c4 Rfd8
15. h4 Be7 16. h5 h6 17. Bd2 Qf5 18. Qxf5 exf5 19. Be1 Rd7 20. Rd3 Rad8 21.
Rad1 Ne4 22. f3 Nf6 23. g4 fxg4 24. fxg4 Ne4 25. b4 Bf6 26. d5 cxd5 27. Bf3 Re8
28. Rxd5 Rxd5 29. cxd5 Nd6 30. Bf2 b6 31. Rc1 Rc8 32. Rc6 Rxc6 33. dxc6 Bd8 34.
Kf1 Kf8 35. Ke2 Ke7 36. Bd4 f6 37. Bd5 Bc7 38. Kd3 Ne8 39. Bc3 Bb8 40. Be4 Be5
41. Bd2 Nd6 42. Be3 Kd8 43. Bd5 Kc7 44. Kc2 Nc8 45. Be6 Ne7 46. b5 Kd6 47. Bb3
Kc7 48. Kd3 Bd6 49. Ke4 Bh2 50. Bd4 Bd6 51. Bf7 Bh2 52. Bb2 Bg3 53. Kf3 Bh2 54.
Ke4 Bg3 55. Be6 Bd6 56. Bf5 Bc5 57. g5 hxg5 58. Bxf6 gxf6 59. h6 Nxf5 60. Kxf5
Bf8 61. h7 Bg7 62. Kg6 Bh8 63. Kf5 Kd6 64. Kg4 Ke6 65. Kh5 Bg7 66. Kg6 Bh8 67.
Kh5 Kd6 68. Kg4 Kc7 69. Kf5 Kd6 70. Kg4 Ke6 71. Kh5 1/2-1/2

[Event "2BLW 1920 Düsseldorfer SK - SG Solingen"]
[Site "?"]
[Date "2020.03.01"]
[Round "7.7"]
[White "Berg, Michael"]
[Black "Coenen, Michael"]
[Result "1/2-1/2"]
[WhiteElo "2303"]
[BlackElo "2363"]
[PlyCount "25"]
[EventDate "2020.??.??"]

1. d4 Nf6 2. c4 e6 3. Nf3 d5 4. g3 Be7 5. Bg2 O-O 6. O-O dxc4 7. Ne5 Nc6 8.
Nxc6 bxc6 9. Qa4 Qxd4 10. Rd1 Qb6 11. Na3 Bxa3 12. bxa3 Ng4 13. Rf1 1/2-1/2

[Event "2BLW 1920 Düsseldorfer SK - SG Solingen"]
[Site "?"]
[Date "2020.03.01"]
[Round "7.8"]
[White "Harff, Marcel"]
[Black "Muedder, Melanie"]
[Result "1-0"]
[WhiteElo "2359"]
[BlackElo "2045"]
[PlyCount "51"]
[EventDate "2020.??.??"]

1. c4 g6 2. Nf3 Bg7 3. g3 c5 4. Bg2 Nc6 5. O-O e6 6. Nc3 Nge7 7. d3 O-O 8. Bf4
d5 9. cxd5 exd5 10. Qd2 Nf5 11. Rac1 b6 12. g4 Nfe7 13. h3 Bh8 14. a3 a5 15.
Nb5 Qd7 16. a4 f5 17. g5 Bb7 18. d4 c4 19. b3 Na7 20. bxc4 dxc4 21. Nd6 Nd5 22.
Nxb7 c3 23. Qa2 Rf7 24. Ne5 Bxe5 25. Bxe5 Nb4 26. Qb3 1-0

[Event "2BLW 1920 SV Koblenz - DJK Aachen"]
[Site "?"]
[Date "2020.03.01"]
[Round "7.1"]
[White "Dambacher, Martijn"]
[Black "Feller, Sebastien"]
[Result "1-0"]
[WhiteElo "2483"]
[BlackElo "2574"]
[PlyCount "79"]
[EventDate "2020.??.??"]

1. d4 d5 2. c4 c6 3. Nf3 dxc4 4. e3 b5 5. a4 e6 6. axb5 cxb5 7. b3 Bb4+ 8. Bd2
Bxd2+ 9. Nbxd2 a5 10. bxc4 b4 11. Ne5 Nf6 12. Be2 O-O 13. Bf3 Ra6 14. O-O Qc7
15. Qa4 Nbd7 16. Nd3 e5 17. Qb5 Re6 18. Qxa5 Qxa5 19. Rxa5 e4 20. Nf4 exf3 21.
Nxe6 fxe6 22. Nxf3 Nb6 23. Nd2 Bd7 24. Rb1 Ng4 25. Rxb4 Rxf2 26. h3 Rxd2 27.
hxg4 Nc8 28. Rb7 Bc6 29. Rc7 Rxg2+ 30. Kf1 Be4 31. Rxc8+ Kf7 32. Ra7+ Kg6 33.
Re8 Rxg4 34. Rxe6+ Kg5 35. Re5+ Kf6 36. c5 Rh4 37. c6 Rh1+ 38. Kf2 Rh2+ 39. Kg3
Rg2+ 40. Kh3 1-0

[Event "2BLW 1920 SV Koblenz - DJK Aachen"]
[Site "?"]
[Date "2020.03.01"]
[Round "7.2"]
[White "Balog, Imre"]
[Black "Dardha, Daniel"]
[Result "1/2-1/2"]
[WhiteElo "2565"]
[BlackElo "2445"]
[PlyCount "114"]
[EventDate "2020.??.??"]

1. d4 Nf6 2. Nf3 b6 3. Bg5 Bb7 4. Bxf6 exf6 5. e3 g6 6. Bd3 Bg7 7. O-O d5 8.
Nbd2 O-O 9. b4 c5 10. bxc5 bxc5 11. Rb1 Qc7 12. c4 Nd7 13. Qb3 Nb6 14. Rfc1
dxc4 15. Bxc4 cxd4 16. Ba6 Qe7 17. Bxb7 Qxb7 18. Nxd4 Rac8 19. Nc4 Qc7 20. Nb5
Qd7 21. Rd1 Qe6 22. Ncd6 Qxb3 23. axb3 Rc2 24. Nxa7 f5 25. Rdc1 Ra2 26. Nc6 Nd5
27. Nb5 Rc8 28. g3 Kf8 29. b4 Ra6 30. Nba7 Ra8 31. Nb5 Rc8 32. Rc5 Raxc6 33.
Rxd5 Rc1+ 34. Rxc1 Rxc1+ 35. Kg2 Rb1 36. Na7 Bc3 37. b5 Be1 38. f3 Rb2+ 39. Kf1
Ba5 40. Nc8 Bd2 41. Ke2 Bc1+ 42. Kd1 Bxe3 43. h3 h5 44. Nd6 Bf2 45. g4 fxg4 46.
fxg4 hxg4 47. hxg4 Ke7 48. Ne4 Ke6 49. Rd8 Ba7 50. Re8+ Kd5 51. Ng5 f5 52. gxf5
gxf5 53. Nf3 f4 54. Rd8+ Kc4 55. Ne5+ Kxb5 56. Nd3 Rb1+ 57. Ke2 Bb6 1/2-1/2

[Event "2BLW 1920 SV Koblenz - DJK Aachen"]
[Site "?"]
[Date "2020.03.01"]
[Round "7.3"]
[White "Lenaerts, Lennert"]
[Black "Sulskis, Sarunas"]
[Result "0-1"]
[WhiteElo "2368"]
[BlackElo "2520"]
[PlyCount "50"]
[EventDate "2020.??.??"]

1. d4 Nf6 2. c4 e6 3. Nc3 Bb4 4. g3 c5 5. Nf3 cxd4 6. Nxd4 Qc7 7. Qb3 Bc5 8.
Be3 O-O 9. Ndb5 Qc6 10. Bxc5 Qxc5 11. Bg2 Nc6 12. O-O Rb8 13. e3 a6 14. Na3 b6
15. Rfd1 Bb7 16. Qa4 Qh5 17. Nc2 Ne5 18. Nd4 b5 19. cxb5 axb5 20. Qb4 Rfc8 21.
Nce2 Bxg2 22. Kxg2 Nfg4 23. h3 Nxf2 24. Kxf2 Qxh3 25. Rh1 Qxh1 0-1

[Event "2BLW 1920 SV Koblenz - DJK Aachen"]
[Site "?"]
[Date "2020.03.01"]
[Round "7.4"]
[White "Schenderowitsch, Michael"]
[Black "Braga, Fernando"]
[Result "1/2-1/2"]
[WhiteElo "2344"]
[BlackElo "2404"]
[PlyCount "39"]
[EventDate "2020.??.??"]

1. d4 d5 2. c4 e6 3. Nc3 Nf6 4. cxd5 exd5 5. Bg5 Be7 6. e3 c6 7. Bd3 O-O 8. Qc2
Nbd7 9. Nf3 Re8 10. O-O Nf8 11. h3 g6 12. Ne5 N6d7 13. Bxe7 Qxe7 14. f4 f6 15.
Ng4 h5 16. Nf2 f5 17. Rfe1 Nf6 18. Bf1 Be6 19. Nd3 Rac8 20. b4 1/2-1/2

[Event "2BLW 1920 SV Koblenz - DJK Aachen"]
[Site "?"]
[Date "2020.03.01"]
[Round "7.5"]
[White "Skulener, Wladimir"]
[Black "Fritsche, Lutz"]
[Result "1/2-1/2"]
[WhiteElo "2371"]
[BlackElo "2321"]
[PlyCount "143"]
[EventDate "2020.??.??"]

1. d4 g6 2. e4 Bg7 3. c4 d6 4. Nc3 Nc6 5. Nge2 e5 6. d5 Nce7 7. f3 f5 8. g3 Nf6
9. h3 O-O 10. g4 c6 11. Be3 b5 12. dxc6 bxc4 13. Qd2 Be6 14. O-O-O Nxc6 15.
Qxd6 Qc8 16. gxf5 gxf5 17. exf5 Bxf5 18. Rg1 Bg6 19. Ng3 Kh8 20. Nge4 Nd4 21.
Bxd4 exd4 22. Rxd4 Ne8 23. Qd7 Bxd4 24. Qxd4+ Ng7 25. Bxc4 Qxh3 26. Ng5 Qf5 27.
Nce4 Rae8 28. b3 Qe5 29. Qxe5 Rxe5 30. Nd6 Re7 31. Rh1 Nh5 32. Kb2 Nf4 33. Rh4
Kg7 34. b4 h6 35. Nge4 Ng2 36. Rh2 Ne1 37. Nc5 Nxf3 38. Rf2 Ng5 39. Rxf8 Kxf8
40. a4 h5 41. a5 h4 42. b5 h3 43. Bd5 Re2+ 44. Kc3 Nf7 45. Nc4 h2 46. b6 axb6
47. axb6 Nd8 48. Bf3 Rf2 49. Bh1 Rf1 50. b7 Rc1+ 51. Kb3 Rxh1 52. b8=Q Rb1+ 53.
Nb2 h1=Q 54. Qxd8+ Kf7 55. Qd7+ Kg8 56. Qd8+ Kh7 57. Qd7+ Kh6 58. Qd2+ Kg7 59.
Qd4+ Kh7 60. Qd7+ Kh6 61. Qd2+ Kh5 62. Qe2+ Kh4 63. Qe7+ Kh5 64. Qe2+ Kg5 65.
Qe5+ Kg4 66. Qe6+ Bf5 67. Qg8+ Kf3 68. Qd5+ Kf4 69. Qd4+ Kg5 70. Qg7+ Kf4 71.
Qd4+ Kg3 72. Qe5+ 1/2-1/2

[Event "2BLW 1920 SV Koblenz - DJK Aachen"]
[Site "?"]
[Date "2020.03.01"]
[Round "7.6"]
[White "Hammes, Michael"]
[Black "Dardha, Arben"]
[Result "1-0"]
[WhiteElo "2342"]
[BlackElo "2285"]
[PlyCount "141"]
[EventDate "2020.??.??"]

1. d4 Nf6 2. c4 e6 3. Nf3 d5 4. Nc3 c5 5. cxd5 Nxd5 6. e4 Nxc3 7. bxc3 cxd4 8.
cxd4 Bb4+ 9. Bd2 Bxd2+ 10. Qxd2 O-O 11. Bc4 Nd7 12. O-O b6 13. Rfe1 Bb7 14.
Rad1 Rc8 15. Bb3 Re8 16. h4 Nf6 17. Qf4 Nh5 18. Qg5 Qxg5 19. hxg5 Nf4 20. g3
Ng6 21. Nd2 b5 22. f4 Ne7 23. Nf1 Red8 24. Kf2 a5 25. Rd2 a4 26. Bd1 Rc4 27. d5
exd5 28. exd5 Nf5 29. d6 Kf8 30. d7 Rd4 31. Bg4 Rxd2+ 32. Nxd2 Rxd7 33. Nb1 g6
34. Bxf5 gxf5 35. a3 Rc7 36. Re5 Rc2+ 37. Re2 Rxe2+ 38. Kxe2 Ke7 39. Ke3 Kd6
40. Kd4 Bd5 41. Nc3 Bc4 42. Nxa4 Be6 43. Nc3 Kc6 44. Nd1 Kb6 45. Nb2 Kc6 46.
Nd3 Kd6 47. Ne5 Bb3 48. Kc3 Bd5 49. Kb4 Bc6 50. Nxf7+ Kd5 51. Nh6 Ke4 52. Kc5
Be8 53. Kd6 Bh5 54. Ke6 Bd1 55. Kf6 Kf3 56. Nxf5 Ba4 57. Ke5 Kg4 58. Nd4 Kh5
59. Ne6 h6 60. gxh6 Kxh6 61. Nd4 Kg6 62. Ke6 Kg7 63. g4 Bd1 64. g5 Kg6 65. Nxb5
Bg4+ 66. Ke5 Bd7 67. Nc3 Kf7 68. f5 Bc6 69. a4 Ke7 70. g6 Kf8 71. a5 1-0

[Event "2BLW 1920 SV Koblenz - DJK Aachen"]
[Site "?"]
[Date "2020.03.01"]
[Round "7.7"]
[White "Marcziter, Dmitrii"]
[Black "Wolf, Volker"]
[Result "1-0"]
[WhiteElo "2232"]
[BlackElo "2278"]
[PlyCount "131"]
[EventDate "2020.??.??"]

1. d4 e6 2. c4 f5 3. g3 Nf6 4. Bg2 d5 5. Nh3 Be7 6. O-O O-O 7. Nd2 Nc6 8. e3
Ne4 9. Qe2 a6 10. f3 Nf6 11. Nb3 Rb8 12. Bd2 h6 13. Nf4 Kh7 14. Rac1 g5 15. Nd3
Bd7 16. Nbc5 Bd6 17. Nxd7 Qxd7 18. c5 Be7 19. b4 Ne8 20. a4 Bf6 21. f4 g4 22.
Rb1 Na7 23. Qd1 c6 24. Bc3 Nc7 25. Rb2 Ra8 26. Rbf2 h5 27. Ne5 Qg7 28. Re1 Bxe5
29. fxe5 Nc8 30. Bf1 Na7 31. Bd3 Kg8 32. Ref1 Qh6 33. Bd2 Qg7 34. Rf4 Qd7 35.
h3 Rf7 36. R1f2 Rg7 37. Rh2 Nc8 38. hxg4 hxg4 39. Rff2 Ne7 40. Rh6 Ng6 41. Rfh2
Re8 42. Qe2 Nf8 43. Rh8+ Kf7 44. R2h5 Ng6 45. R8h6 Reg8 46. Qh2 Qe7 47. Qe2 Qd7
48. Qf1 Ke8 49. Qe2 Nf8 50. Qh2 Rg6 51. Rxg6 Rxg6 52. Rh8 Rg7 53. Qh6 Qf7 54.
b5 axb5 55. Ba5 Kd7 56. axb5 Nxb5 57. Bxb5 cxb5 58. Qh4 Qe7 59. Qxe7+ Kxe7 60.
c6 bxc6 61. Bb4+ Kd7 62. Rxf8 Rh7 63. Ra8 Rh3 64. Kg2 Rh6 65. Ra7+ Kd8 66. Ba5+
1-0